La humanidad bajo asedio : derecho y justicia internacional en tiempos de violencia armada /

Guardado en:
Otros Autores: Cichero, Agostina N., Giosa, Laura M., Buis, Emiliano J.
Formato: Libro
Idioma:Spanish
Publicado: Azul : Del Azul, 2018.
Edición:1a. ed.
Materias:
Etiquetas: Agregar Etiqueta
Sin Etiquetas, Sea el primero en etiquetar este registro!
LEADER 00796nam a22001935a 4500
001 DER.der013828
008 190425s2018####ag############000#0#spa#d
005 20250609113004.0
245 1 0 |a La humanidad bajo asedio :  |b derecho y justicia internacional en tiempos de violencia armada /  |c Agostina N. Cichero …[et al.] ; compilado por Emiliano J. Buis y Laura M. Giosa. 
250 |a 1a. ed. 
260 |a Azul :  |b Del Azul,  |c 2018. 
300 |a 548 p. 
500 |a Trabajos presentados en los Coloquios sobre Derecho Internacional Humanitario y derecho Internacional Penal del CEDH de la UNICEN (2015-2017). 
020 |a 9789509516328 
700 1 |a Cichero, Agostina N. 
700 1 |a Giosa, Laura M. 
700 1 |a Buis, Emiliano J. 
650 7 |a DERECHOS HUMANOS 
859 |a DERECHO  |b BIB. DERECHO  |h 323  |i HUM  |p 004288